Der Pariser Platz : Die Akademie der Künste /

Saved in:
Bibliographic Details
Main Author: Behnisch, Günter (Author)
Other Authors: Jovis Verlagsbüro (Editor)
Format: Book
Language:German
Published: Berlin : Jovis Verlagsbüro, 1997
Edition:1. vydanie
Subjects:
Tags: Add Tag
No Tags, Be the first to tag this record!

MARC

LEADER 00000nam a22000003a 4500
001 0064901
003 SK-STU
005 20190326140221.7
007 ta
008 180507s ----xo-----e------000-0-----d
020 |a 3-931321-86-X 
040 |a STU  |b slo 
041 0 |a ger 
044 |a gw 
100 1 |a Behnisch, Günter  |4 aut 
245 1 0 |a Der Pariser Platz :  |b Die Akademie der Künste /  |c aut. Günter Behnisch ; ed. Jovis Verlagsbüro 
250 |a 1. vydanie 
260 |a Berlin :  |b Jovis Verlagsbüro,  |c 1997 
300 |a 77 s. 
650 0 7 |a stavby pre vzdelávanie 
650 0 7 |a architektúra 
650 0 7 |a obnova pamiatok 
650 0 7 |a historické budovy 
650 0 7 |a pamiatky architektonické 
650 0 7 |a rekonštrukcia historických objektov 
650 0 7 |a fasády 
700 1 |a Jovis Verlagsbüro  |4 edt 
996 |b 284AU07407  |c A* 10657/U  |l AAKNST  |s P  |a 0  |w 0064901_0001